000
00247nam a2200097Ia 4500
005
20251222114347.0
008
251222s1900||||xx |||||||||||||| ||spa||
082
_a
DVD0070/M19/2010/Ej.2
245
0
_a
El árbol de la vida:The tree of life
942
_c
DVD
999
_c
1097
_d
1097